Online
Catalog

Servidores y equipo responsable en los grupos de oración / (Record no. 14735)

MARC details
000 -CABECERA
campo de control de longitud fija 02332nam a2200301 a 4500
001 - NÚMERO DE CONTROL
campo de control 000015164
005 - FECHA Y HORA DE LA ÚLTIMA TRANSACCIÓN
campo de control 20250217092805.0
008 - DATOS DE LONGITUD FIJA--INFORMACIÓN GENERAL
campo de control de longitud fija 100202s1996 dr 001 0 spa d
040 ## - FUENTE DE LA CATALOGACIÓN
Centro catalogador/agencia de origen DO-SdBNP
Lengua de catalogación spa
Centro/agencia transcriptor BNPHU
082 ## - NÚMERO DE LA CLASIFICACIÓN DECIMAL DEWEY
Número de clasificación 270.82
Número de documento/Ítem J91s, 1996
100 1# - ENTRADA PRINCIPAL--NOMBRE DE PERSONA
Nombre de persona Juanes, Benigno
Fechas asociadas al nombre 1916-2009
9 (RLIN) 442
245 10 - MENCIÓN DE TÍTULO
Título Servidores y equipo responsable en los grupos de oración /
Mención de responsabilidad, etc. P. Benigno Juanes, S.J. ; presentación Juan F. Pepén.
250 ## - MENCIÓN DE EDICIÓN
Mención de edición 2ª ed.
260 ## - PUBLICACIÓN, DISTRIBUCIÓN, ETC.
Lugar de publicación, distribución, etc. Santo Domingo :
Nombre del editor, distribuidor, etc. Renovación Carismática Católica,
Fecha de publicación, distribución, etc. 1996.
300 ## - DESCRIPCIÓN FÍSICA
Extensión 261 p. ;
Dimensiones 22 cm.
490 1# - MENCIÓN DE SERIE
Mención de serie Torrentes
Designación de volumen o secuencia 4
500 ## - NOTA GENERAL
Nota general Guía para la renovación carismática católica
590 ## - NOTA LOCAL (RLIN)
Nota local Inventariado, 2018/ YL
504 ## - NOTA DE BIBLIOGRAFÍA, ETC.
Nota de bibliografía, etc. Incluye bibliográfia y notas al pie de páginas.
505 0# - NOTA DE CONTENIDO CON FORMATO
Nota de contenido con formato Para construir una autentica reunión de oración : orientaciones generales --
Título Para construir una autentica reunión de adoración : actuación general del servidor --
-- Para construir una autentica reunión de oración : puntos fundamentales --
-- Para construir una autentica reunión de oración : la dirección del grupo a través de las diversas etapas --
-- Sugerencias a los servidores respecto de sí mismo --
-- Sugerencias a los servidores respecto de los grupos de oración --
-- Sugerencias a los servidores respecto de los párrocos, de la parroquia y de su inserción en ella --
-- El equipo de servidores en el grupo de oración --
-- La misión del equipo de servidores del grupo de oración --
-- Sugerencias al responsable frente a los demás servidores --
-- Dificultades y problemas en los grupos de oración y la actuación del servidor --
-- La reunión fuerte y la reunión debil en los grupos de oración : actuación del servidor --
-- Como discernir el estado del grupo de oración en orden a revitalizarlo --
-- Revitalización de los grupos de oración : evaluación de los servidores --
-- Revitalización de los grupos de oración --
-- Evaluación de los grupos de oración --
-- Los problemas entre responsables.
650 #4 - PUNTO DE ACCESO ADICIONAL DE MATERIA--TÉRMINO DE MATERIA
Término de materia o nombre geográfico como elemento de entrada Movimiento carismático
9 (RLIN) 666
650 #4 - PUNTO DE ACCESO ADICIONAL DE MATERIA--TÉRMINO DE MATERIA
Término de materia o nombre geográfico como elemento de entrada Renovación carismática
9 (RLIN) 667
650 #0 - PUNTO DE ACCESO ADICIONAL DE MATERIA--TÉRMINO DE MATERIA
Término de materia o nombre geográfico como elemento de entrada Vida cristiana
9 (RLIN) 668
650 #4 - PUNTO DE ACCESO ADICIONAL DE MATERIA--TÉRMINO DE MATERIA
Término de materia o nombre geográfico como elemento de entrada Grupos de oración
Subdivisión general Bautistas, iglesia católica, etc.
9 (RLIN) 669
700 1# - PUNTO DE ACCESO ADICIONAL--NOMBRE DE PERSONA
Nombre de persona Pepén, Juan F.
Forma completa/desarrollada del nombre (Juan Felix)
Término indicativo de función/relación present.
9 (RLIN) 13174
830 #1 - PUNTO DE ACCESO ADICIONAL DE SERIE-TÍTULO UNIFORME
Título uniforme Torrentes
Número de parte o sección de la obra 4
9 (RLIN) 34333
910 ## - DATOS DE OPCIÓN DEL USUARIO (OCLC)
Datos de opción del usuario Validado. Control de calidad EMS.
Holdings
Estado de retiro Estado de pérdida No para préstamo Código de colección Localización permanente Ubicación/localización actual Ubicación en estantería Fecha de adquisición Número de inventario Total de préstamos Signatura topográfica completa Código de barras Fecha visto por última vez Precio válido a partir de Tipo de ítem Koha Número de copia
    Excluido de préstamo Patrimonio Dominicano Patrimonio Dominicano Patrimonio Dominicano Depósito 02.02.2010 LF1   270.82 J91s, 1996 15164-10 25.06.2020 25.06.2020 Libro y Folleto Colección Patrimonio Dominicano  
    Excluido de préstamo Patrimonio Dominicano Patrimonio Dominicano Patrimonio Dominicano Depósito 02.02.2010 LF1   270.82 J91s, 1996 15164-20 25.06.2020 25.06.2020 Libro y Folleto Colección Patrimonio Dominicano e. 2

Powered by Koha